Introduction to Sales Management (Record no. 323)

MARC details
005 - DATE AND TIME OF LATEST TRANSACTION
control field 20250311082246.0
020 ## - INTERNATIONAL STANDARD BOOK NUMBER
International Standard Book Number 0-471-60246-9
082 ## - DEWEY DECIMAL CLASSIFICATION NUMBER
Classification number 658.81 DAL
100 ## - MAIN ENTRY--PERSONAL NAME
Author name DALRYMPLE, D. J.
245 ## - TITLE STATEMENT
Title Introduction to Sales Management
250 ## - EDITION STATEMENT
Edition statement 3rd Ed.
260 ## - PUBLICATION, DISTRIBUTION, ETC.
Place of publication, distribution, etc. New York
Name of publisher, distributor, etc. John Wiley & Sons
Date of publication, distribution, etc. 1988
300 ## - PHYSICAL DESCRIPTION
Extent xix, 681p., ill., figure, map, table
Other physical details Index
Dimensions 23cm
942 ## - ADDED ENTRY ELEMENTS (KOHA)
Source of classification or shelving scheme Dewey Decimal Classification
Koha item type Books
Holdings
Date last seen Total checkouts Full call number Barcode Cost, replacement price Price effective from Koha item type Lost status Source of classification or shelving scheme Damaged status Not for loan Withdrawn status Home library Current library Shelving location Date acquired Cost, normal purchase price
03/11/2025   658.81 DAL 0000001360 60000.00 03/11/2025 Books   Dewey Decimal Classification       College of Business Education Main Library College of Business Education Main Library General Collection 03/11/2025 20000.00